Statistics for Regions of Madagascar Map Quiz

Click here to take the quiz!

General Stats

  • This quiz has been taken 315 times
  • The average score is 6 of 22

Answers on the Map

Answers color-coded by a green-red scale on the quiz's map according to % correct below.
 

Answer Stats

Answer% Correct
Alaotra-Mangoro
35%
Diana
35%
Sava
31%
Sofia
31%
Androy
29%
Atsimo-Atsinanana
29%
Analamanga
28%
Analanjirofo
27%
Atsimo-Andrefana
26%
Atsinanana
26%
Betsiboka
26%
Boeny
26%
Itasy
26%
Melaky
26%
Vatovavy-Fitovinany
26%
Anosy
24%
Menabe
21%
Vakinankaratra
21%
Amoron'i Mania
19%
Bongolava
19%
Ihorombe
19%
Matsiatra Ambony
18%

Score Distribution

Percentile by Number Answered

Percent of People with Each Score

Your Score History

You have not taken this quiz